000
00251nam a22000857a 4500
008
160705b xxu||||| |||| 00| 0 eng d
100
_9
2086
_a
Siddiqi, N., et al
245
_a
Educational Technology and Teaching Skills
260
_a
Delhi
_b
Doaba House
_c
2004
999
_c
1782
_d
1782